Direito provisório : (Record no. 520)

MARC details
000 -LÍDER
Campo Fixo de Controle 01654nam a2200325 a 4500
001 - NÚMERO DE CONTROLE
Campo de Controle 520
003 - IDENTIFICAÇÃO DO NÚMERO DE CONTROLE
Campo de Controle BR-CuiBMT
005 - DATA E HORA DA ÚLTIMA ATUALIZAÇÃO
Campo de Controle 20231127032103.0
008 - DADOS FIXOS
Dados Fixos 230815s2021 mgba 001 0 por d
020 ## - INTERNATIONAL STANDARD BOOK NUMBER
Nº do ISBN 9786555181395
040 ## - AGÊNCIA CATALOGADORA
Código da Agência Catalogadora BR-CuiBMT
Agência que transcreveu o registro BR-CuiBMT
080 ## - Nº DA CLASSIFICAÇÃO DECIMAL UNIVERSAL
Nº edição CDU 2007
Nº Class. CDU 35:616
Subd. Auxiliar Comum -036.21
090 ## - NÚMERO DE CHAMADA
Nº classificação 35:616-036.21
Cutter D598
245 00 - TÍTULO PRINCIPAL
Título principal Direito provisório :
Subtítulo ESPIN - COVID-19 : soluções para temas polêmicos /
Indicação de responsabilidade Ana Luiza Jacoby Fernandes, J. U. Jacoby Fernandes coordenadores ; [autores Anderson Sant'Ana Pedra ... et al.].
260 ## - PUBLICAÇÃO, DISTRIBUIÇÃO, ETC.
Local de publicação Belo Horizonte :
Editora Fórum,
Data 2021.
300 ## - DESCRIÇÃO FÍSICA
N. páginas ou volumes 378 p. :
Ilustrações il. ;
Dimensões 24 cm
490 1# - INDICAÇÃO DE SÉRIE
Título da série Coleção Jacoby de direito público ;
Volume/designação sequencial da série v. 20
500 ## - NOTAS GERAIS
Notas gerais Vários autores.
500 ## - NOTAS GERAIS
Notas gerais Responsabilidade fiscal. Hermenêutica, aplicação do direito provisório e segurança jurídica. Requisição administrativa. Contratações públicas, inovações, gestão e fiscalização. Limites instrumentais das contratações. Preço, pesquisa, economia real e reequilíbrio. Sistema de registro de preços. Convênios e concessões do setor de infraestrutura. Teletrabalho. Securitização da saúde.
504 ## - NOTA DE BIBLIOGRAFIA, ETC.
Nota de bibliografia Inclui bibliografia e índice.
650 ## - ASSUNTO TÓPICO
Cabeçalho tópico ou nome geográfico COVID-19 (Doença)
Subdivisão de forma Legislação
Subdivisão geográfica Brasil
650 ## - ASSUNTO TÓPICO
Cabeçalho tópico ou nome geográfico Pandemia
Subdivisão geral Controle
Subdivisão geográfica Brasil
650 ## - ASSUNTO TÓPICO
Cabeçalho tópico ou nome geográfico Saúde pública
Subdivisão de forma Aspectos legais
Subdivisão geográfica Brasil
650 ## - ASSUNTO TÓPICO
Cabeçalho tópico ou nome geográfico Administração pública
Subdivisão geral Políticas de saúde
700 1# - ENTRADA SECUNDÁRIA -- NOME PESSOAL
Nome pessoal Fernandes, Ana Luiza Jacoby
Cód. do termo explicativo coord.
700 1# - ENTRADA SECUNDÁRIA -- NOME PESSOAL
Nome pessoal Fernandes, Jorge Ulisses Jacoby
Cód. do termo explicativo coord.
700 1# - ENTRADA SECUNDÁRIA -- NOME PESSOAL
Nome pessoal Pedra, Anderson Sant'Ana,
Datas associadas ao nome 1974-
Termo de relação et al.
-- autores
830 #0 - ENTRADA SECUNDÁRIA DE SÉRIE -- TÍTULO UNIFORME
Título uniforme Coleção Jacoby de direito público ;
Nº do volume/designação sequencial da série 20
942 ## - ELEMENTOS DE ENTRADA ADICIONAIS (KOHA)
Fonte de classificação ou esquema de arquivamento Classificação Decimal Universal
Tipo de item do Koha Livros
Holdings
Estado: removido Estado: perdido Fonte de classificação ou esquema de arquivamento Estado: danificado Indisponível para empréstimo Localização permanente Localização atual Data de aquisição Total Checkouts Número de Chamada completo Código de barras Date last seen Número do exemplar Preço efetivo a partir de Tipo de item (Koha)
    Classificação Decimal Universal     Biblioteca da Escola Superior de Contas do TCE/MT Biblioteca da Escola Superior de Contas do TCE/MT 08/11/2023   35:616-036.21 D598 BIBTCEMT23110286 08/11/2023 Ex. 1 08/11/2023 Livros
    Classificação Decimal Universal     Biblioteca da Escola Superior de Contas do TCE/MT Biblioteca da Escola Superior de Contas do TCE/MT 08/11/2023   35:616-036.21 D598 BIBTCEMT23110287 08/11/2023 Ex. 2 08/11/2023 Livros
    Classificação Decimal Universal     Biblioteca da Escola Superior de Contas do TCE/MT Biblioteca da Escola Superior de Contas do TCE/MT 08/11/2023   35:616-036.21 D598 BIBTCEMT23110288 08/11/2023 Ex. 3 08/11/2023 Livros
    Classificação Decimal Universal     Biblioteca da Escola Superior de Contas do TCE/MT Biblioteca da Escola Superior de Contas do TCE/MT 08/11/2023   35:616-036.21 D598 BIBTCEMT23110289 08/11/2023 Ex. 4 08/11/2023 Livros

Powered by Koha